<?xml version="1.0" encoding="UTF-8"?><?xml-stylesheet type="text/xsl" href="static/style.xsl"?><OAI-PMH xmlns="http://www.openarchives.org/OAI/2.0/" xmlns:xsi="http://www.w3.org/2001/XMLSchema-instance" xsi:schemaLocation="http://www.openarchives.org/OAI/2.0/ http://www.openarchives.org/OAI/2.0/OAI-PMH.xsd"><responseDate>2026-04-17T07:31:20Z</responseDate><request verb="GetRecord" identifier="oai:www.recercat.cat:20.500.12327/2473" metadataPrefix="marc">https://recercat.cat/oai/request</request><GetRecord><record><header><identifier>oai:recercat.cat:20.500.12327/2473</identifier><datestamp>2025-10-22T11:19:16Z</datestamp><setSpec>com_2072_4428</setSpec><setSpec>com_2072_4427</setSpec><setSpec>col_2072_487898</setSpec></header><metadata><record xmlns="http://www.loc.gov/MARC21/slim" xmlns:dcterms="http://purl.org/dc/terms/" xmlns:xsi="http://www.w3.org/2001/XMLSchema-instance" xmlns:doc="http://www.lyncode.com/xoai" xsi:schemaLocation="http://www.loc.gov/MARC21/slim http://www.loc.gov/standards/marcxml/schema/MARC21slim.xsd">
   <leader>00925njm 22002777a 4500</leader>
   <datafield ind2=" " ind1=" " tag="042">
      <subfield code="a">dc</subfield>
   </datafield>
   <datafield ind2=" " ind1=" " tag="720">
      <subfield code="a">Campos-Rivela, J. M.</subfield>
      <subfield code="e">author</subfield>
   </datafield>
   <datafield ind2=" " ind1=" " tag="720">
      <subfield code="a">Martinez-Ferrer, M. T.</subfield>
      <subfield code="e">author</subfield>
   </datafield>
   <datafield ind2=" " ind1=" " tag="720">
      <subfield code="a">Fibla-Queralt, J. M.</subfield>
      <subfield code="e">author</subfield>
   </datafield>
   <datafield ind2=" " ind1=" " tag="260">
      <subfield code="c">2012-01-18</subfield>
   </datafield>
   <datafield ind2=" " ind1=" " tag="520">
      <subfield code="a">The California red scale, Aonidiella aurantii (Maskell), was first detected in citrus groves in Catalonia, Northern Spain, in&#xd;
2000, and has since spread slowly and irregularly. New foci of infestation are currently found in citrus-growing areas of southern Tarragona. As Catalonia is the northernmost citrus growing area in Spain, between 2002 and 2009, A. aurantii population&#xd;
dynamics and seasonal trends were studied in two citrus groves and compared with other regions and countries. The population dynamics showed that there were four male flights (including that of the overwintering generation): in May, mid June-mid&#xd;
July, August and October, the most abundant being that of August (over 60% of the males captured during the year). The thermal constant estimated between male flights, using 11.7°C as the lower threshold temperature, was 611.8 ± 35.5 degree-days.&#xd;
Three peaks of 1st and 2nd nymph instars were observed: in early June, late July-early August, and late September. The number&#xd;
of crawlers captured on sticky tapes reached a first maximum on 27th May (± 1.85 days). The male flight abundance showed&#xd;
a positive relationship between two consecutive generations, revealing the stability of A. aurantii populations.</subfield>
   </datafield>
   <datafield ind1="8" ind2=" " tag="024">
      <subfield code="a">Campos-Rivela, J. M., Martinez-Ferrer, M. T., and Fibla-Queralt, J. M. 2012. "Population dynamics and seasonal trend of California red scale (Aonidiella aurantii Maskell) in citrus in Northern Spain". Spanish Journal of Agricultural Research. 10 (1): 198-208. doi: 10.5424/sjar/2012101-105-11.</subfield>
   </datafield>
   <datafield ind1="8" ind2=" " tag="024">
      <subfield code="a">1695-971X</subfield>
   </datafield>
   <datafield ind1="8" ind2=" " tag="024">
      <subfield code="a">http://hdl.handle.net/20.500.12327/2473</subfield>
   </datafield>
   <datafield ind1="8" ind2=" " tag="024">
      <subfield code="a">https://doi.org/10.5424/sjar/2012101-105-11</subfield>
   </datafield>
   <datafield ind2="0" ind1="0" tag="245">
      <subfield code="a">Population dynamics and seasonal trend of California red scale (Aonidiella aurantii Maskell) in citrus in Northern Spain</subfield>
   </datafield>
</record></metadata></record></GetRecord></OAI-PMH>